Orientácia v interiéri aplikáciou prvkov rozšírenej reality a strojového učenia
Gespeichert in:
| 1. Verfasser: | |
|---|---|
| Weitere Verfasser: | |
| Format: | Manuskript Buch |
| Sprache: | Slowakisch |
| Veröffentlicht: |
2022
|
| Schlagworte: | |
| Online-Zugang: | http://is.stuba.sk/zp/portal_zp.pl?podrobnosti=164347 |
| Tags: |
Keine Tags, Fügen Sie das erste Tag hinzu!
|
MARC
| LEADER | 00000ntm a22000003a 4500 | ||
|---|---|---|---|
| 001 | stuzp88759 | ||
| 003 | SK-STU | ||
| 005 | 20220611211430.0 | ||
| 007 | ta | ||
| 008 | 150427s2015----xo-----f-mn---000-0-slo-d | ||
| 040 | |a STU |b slo | ||
| 041 | 0 | |a slo | |
| 100 | 1 | |a Tóth, Andrej |u 066000 |k Z4 |4 aut |U MTF Materiálovotechnologická fakulta |T MTF Ústav aplikovanej informatiky, automatizácie a mechatroniky |X 93978 |U M6000 |Y 86 |7 93978 | |
| 242 | 0 | 1 | |a Orientation in the interior by applying elements of augmented reality and machine learning |y eng |
| 245 | 1 | 0 | |a Orientácia v interiéri aplikáciou prvkov rozšírenej reality a strojového učenia |
| 260 | |c 2022 | ||
| 650 | 4 | |a Rozšírená realita |2 slo | |
| 650 | 4 | |a Strojové učenie |2 slo | |
| 650 | 4 | |a ARCore |2 slo | |
| 650 | 4 | |a ML Kit |2 slo | |
| 650 | 4 | |a Beacon |2 slo | |
| 650 | 4 | |a Interierové lokalizačné systémy |2 slo | |
| 650 | 4 | |a Machine learning |2 eng | |
| 650 | 4 | |a ARCore |2 eng | |
| 650 | 4 | |a ML Kit |2 eng | |
| 650 | 4 | |a Beacon |2 eng | |
| 650 | 4 | |a Indoor positioning system |2 eng | |
| 650 | 4 | |a Augmented reality |2 eng | |
| 700 | 1 | |a Špendla, Lukáš |u 066000 |k Z1 |4 ths |U MTF Materiálovotechnologická fakulta |T MTF Ústav aplikovanej informatiky, automatizácie a mechatroniky |X 52333 |U M6000 |Y 86 |7 A000052333 | |
| 856 | 4 | |u http://is.stuba.sk/zp/portal_zp.pl?podrobnosti=164347 | |
| 996 | |c M* DP-15054 |l MMSKP |s P |a 0 |w stuzp88759_0001 | ||